000
00286 a2200121 4500
005
20250623071808.0
082
_a
LM 335.412 MAR
100
_a
MARX, K.
245
_a
Theories of Surplus-Value
260
_a
Moscow,
_b
Progress Publishers,
_c
1971.
300
_a
637p.:
_c
22cm.
942
_2
ddc
_c
BKS
999
_c
241
_d
241